Top Countries in Each Continent - Statistics

General Stats
  • This quiz has been taken 928 times
    882 since last reset
  • The average score is 36 of 44
Answer Stats
Country % Correct
Russia
100%
United States
100%
Brazil
99%
Canada
98%
India
98%
Australia
97%
China
96%
Nepal
96%
Nigeria
93%
Germany
92%
Argentina
91%
France
91%
South Africa
91%
United Kingdom
91%
Bolivia
90%
Chile
90%
Egypt
89%
Japan
89%
Venezuela
89%
Algeria
88%
Mexico
88%
Monaco
86%
Norway
86%
Kazakhstan
85%
Indonesia
83%
United Arab Emirates
83%
Singapore
82%
Italy
81%
Ecuador
80%
Saudi Arabia
80%
Chad
76%
Turkey
76%
Guyana
75%
Morocco
75%
Belarus
71%
Tanzania
70%
Papua New Guinea
69%
Madagascar
66%
Nauru
62%
Libya
56%
Seychelles
53%
Tunisia
52%
Barbados
51%
Mauritius
47%
No matching quizzes found
Score Distribution
Percent of People with Each Score
Percentile by Number Answered
Your Score History
You have not taken this quiz since the last reset